Statistics for Countries with the largest military personnel

Click here to take the quiz!

General Stats

  • This quiz has been taken 28 times
  • The average score is 39 of 50

Answer Stats

NumberMilitary sizeCountry% Correct
12,035,000China
94%
21203,000France
94%
21,460,000India
94%
31,395,000United States of America
94%
12366,000Brazil
89%
26183,000Germany
89%
35143,000Greece
89%
7610,000Iran
89%
27169,000Israel
89%
6651,000Pakistan
89%
5900,000Russia
89%
16257,000Saudi Arabia
89%
42122,000Spain
89%
15355,000Turkey
89%
33153,000United Kingdom
89%
10438,000Egypt
83%
11395,000Indonesia
83%
25193,000Iraq
83%
32161,000Italy
83%
19247,000Japan
83%
44113,000Malaysia
83%
20216,000Mexico
83%
43114,000Poland
83%
13360,000Thailand
83%
37139,000Algeria
78%
31163,000Bangladesh
78%
36143,000Nigeria
78%
41,280,000North Korea
78%
5074,000South Africa
78%
8555,000South Korea
78%
46104,000Sudan
78%
28169,000Syria
78%
29169,000Taiwan
78%
23196,000Ukraine
78%
9482,000Vietnam
78%
30165,000Afghanistan
72%
40124,000Cambodia
72%
17255,000Colombia
72%
47100,000Jordan
72%
24195,000Morocco
72%
34145,000Philippines
72%
39134,000Democratic republic of the Congo
67%
38138,000Ethiopia
67%
14356,000Myanmar
67%
41123,000Venezuela
67%
45107,000Angola
61%
4981,000Peru
56%
4896,000Nepal
44%
18255,000Sri Lanka
44%
22201,000Eritrea
17%

Score Distribution

Percentile by Number Answered

Percent of People with Each Score

Your Score History

You have not taken this quiz